"Wenn ich hier rauskomme, dann ist die Sache für mich erledigt"?: Opfer-Empathie-Training in der Jugendarrestanstalt Moltsfelde
| Main Author: | |
|---|---|
| Format: | Print Article |
| Language: | German |
| Published: |
2016
|
| In: |
Forum Strafvollzug
Year: 2016, Volume: 65, Issue: 1, Pages: 60-63 |
| Availability in Albert-Krebs Library: | Z.01 56.2007 ff |
| Check availability: | HBZ Gateway |
| Keywords: |
MARC
| LEADER | 00000caa a2200000 c 4500 | ||
|---|---|---|---|
| 001 | 1647088968 | ||
| 003 | DE-627 | ||
| 005 | 20260505204836.0 | ||
| 007 | tu | ||
| 008 | 160419s2016 xx ||||| 00| ||ger c | ||
| 035 | |a (DE-627)1647088968 | ||
| 035 | |a (DE-576)468221182 | ||
| 035 | |a (DE-599)BSZ468221182 | ||
| 040 | |a DE-627 |b ger |c DE-627 |e rda | ||
| 041 | |a ger | ||
| 084 | |a 2,1 |2 ssgn | ||
| 100 | 1 | |a Haarländer, Andrea |e VerfasserIn |4 aut | |
| 245 | 1 | 0 | |a "Wenn ich hier rauskomme, dann ist die Sache für mich erledigt"? |b Opfer-Empathie-Training in der Jugendarrestanstalt Moltsfelde |c Anrea Haarländer |
| 264 | 1 | |c 2016 | |
| 336 | |a Text |b txt |2 rdacontent | ||
| 337 | |a ohne Hilfsmittel zu benutzen |b n |2 rdamedia | ||
| 338 | |a Band |b nc |2 rdacarrier | ||
| 650 | 4 | |a Opferschutz |x Jugendstrafverfahren |7 (dpeaa)DE-2619 | |
| 650 | 4 | |a Jugendarrest |7 (dpeaa)DE-2619 | |
| 650 | 4 | |a Jugendarrestanstalt <Moltsfelde> |7 (dpeaa)DE-2619 | |
| 650 | 4 | |a Straffälliger |7 (dpeaa)DE-2619 | |
| 650 | 4 | |a Jugendlicher |7 (dpeaa)DE-2619 | |
| 650 | 4 | |a Täter-Opfer-Ausgleich |7 (dpeaa)DE-2619 | |
| 650 | 4 | |a Vollzugsgestaltung |7 (dpeaa)DE-2619 | |
| 650 | 4 | |a Opferschutz |7 (dpeaa)DE-2619 | |
| 650 | 4 | |a Opferorientierung |7 (dpeaa)DE-2619 | |
| 650 | 4 | |a Empathie |7 (dpeaa)DE-2619 | |
| 651 | 7 | |0 (DE-588)4052692-6 |0 (DE-627)106171313 |0 (DE-576)209099356 |a Schleswig-Holstein |2 gnd |7 (dpeaa)DE-2619 | |
| 773 | 0 | 8 | |i Enthalten in |t Forum Strafvollzug |d Wiesbaden : Ges. für Fortbildung der Strafvollzugsbediensteten, 2007 |g 65(2016), 1, Seite 60-63 |w (DE-627)52370271X |w (DE-600)2268640-X |w (DE-576)261472836 |x 1865-1534 |7 nnas |
| 773 | 1 | 8 | |g volume:65 |g year:2016 |g number:1 |g pages:60-63 |
| 889 | |w (DE-627)1942326874 | ||
| 935 | |a mkri | ||
| 951 | |a AR | ||
| AKB | |a 56.2007 ff |b Z.01 | ||
| ELC | |b 1 | ||
| LOK | |0 000 xxxxxcx a22 zn 4500 | ||
| LOK | |0 001 4196278922 | ||
| LOK | |0 003 DE-627 | ||
| LOK | |0 004 1647088968 | ||
| LOK | |0 005 20221011150955 | ||
| LOK | |0 008 221011||||||||||||||||ger||||||| | ||
| LOK | |0 035 |a (DE-2619)p14489 | ||
| LOK | |0 040 |a DE-2619 |c DE-627 |d DE-2619 | ||
| LOK | |0 092 |o n | ||
| LOK | |0 852 |a DE-2619 | ||
| LOK | |0 852 1 |m p |9 00 | ||
| LOK | |0 935 |a kreb | ||
| LOK | |0 938 |k p | ||
| LOK | |0 939 |a 2022-10-11 |b l01 | ||
| ORI | |a WA-MARC-krimdoka001.raw | ||
